000 00822nam a22002177a 4500
005 20120806101215.0
008 120806t xxu||||| |||| 00| 0 eng d
010 _aENG-105496
020 _a9789380929446
_c975.00
035 _aEN-89029
037 _bDBAD / PUB
040 _adpl
_bEnglish
082 _a380.141
100 _aTiwari, K.K.
_950740
245 _aAgricultural marketing :
_cby K.K. Tiwari
_bnew trend & techinques /
260 _aJaipur
_bDND Publications
_c2013
270 _a2, Shivgyan Avenue, (B-7) near Yojna Bhawan, Yudishter Marg, C- Scheme
_bJaipur
_e302001
300 _a262p.
_c23cm(Hb)
942 _2ddc
_cEN
_mTIW
_h380.141
999 _c68865
_d68865